Bilder nach Land - Japan - Statistiken

Allgemein
  • Dieses Quiz wurde 38 mal gespielt
  • Das Durchschnittsergebnis liegt bei 12 aus 16
Antwortstatistiken
Bildquiz Hint Antwort % Korrekt
(Kunstform) Bonsai
95%
(Sport) Sumō
92%
(Vulkan) Fuji
89%
(Kleidungsstück) Kimono
89%
(Medium) Manga
89%
(Stadt) Kyōto
86%
(Künstlerinnen) Geisha
84%
(Kriegerstand) Samurai
81%
(Gewürz) Wasabi
81%
(Insel) Hokkaidō
78%
(Künstlerin) Yoko Ono
70%
(Speise) Wagyū
68%
(Tradition) Hanami
59%
(Hersteller dieses Geräts) Nintendo
57%
(Gedichtform) Haiku
35%
(Kunstform) Ikebana
19%
Keine übereinstimmenden Quizze gefunden
Verteilung der Resultate
Anzahl Personen mit jedem Resultat
Perzentil nach korrekt beantworteten Fragen
Ihre Resultats-Entwicklung
Sie haben dieses Quiz noch nicht gespielt